A midsummer night's dream

में बचाया:
ग्रंथसूची विवरण
मुख्य लेखक: Shakespeare, William
स्वरूप: पुस्तक
भाषा:Undetermined
प्रकाशित: London Pearson Education 2005
विषय:
टैग : टैग जोड़ें
कोई टैग नहीं, इस रिकॉर्ड को टैग करने वाले पहले व्यक्ति बनें!
Thư viện lưu trữ: Trung tâm Học liệu Trường Đại học Cần Thơ
LEADER 00556nam a2200205Ia 4500
001 CTU_103152
008 210402s9999 xx 000 0 und d
020 |c 4.76 
082 |a 822.33 
082 |b S527 
100 |a Shakespeare, William 
245 2 |a A midsummer night's dream 
245 0 |c William Shakespeare 
260 |a London 
260 |b Pearson Education 
260 |c 2005 
650 |a Shakespeare, William, 1564-1616,Midsummer 
650 |x Drama 
904 |i Truc, Trong Hieu 
980 |a Trung tâm Học liệu Trường Đại học Cần Thơ